Vývoj drsnosti povrchu pri tvrdom sústružení s rôznymi geometriami rezného klina nástroja

Salvato in:
Dettagli Bibliografici
Autore principale: Gálik, Rastislav (Autore)
Altri autori: Samardžiová, Michaela (Relatore della tesi)
Natura: Manoscritto Libro
Lingua:slovacco
Pubblicazione: 2017
Soggetti:
Accesso online:http://is.stuba.sk/zp/portal_zp.pl?podrobnosti=115168
Tags: Aggiungi Tag
Nessun Tag, puoi essere il primo ad aggiungerne!!

MARC

LEADER 00000ntm a22000003a 4500
001 stuzp62602
003 SK-STU
005 20200129101823.8
007 ta
008 150427s2015----xo-----f-mn---000-0-slo-d
040 |a STU  |b slo 
041 0 |a slo 
100 1 |a Gálik, Rastislav  |u 063000  |4 aut  |U MTF Materiálovotechnologická fakulta  |T MTF Ústav výrobných technológií  |X 73496  |U M3000  |Y 83  |7 73496 
242 0 1 |a Development of roughness of surface at hard turning with different cutting wedge tool  |y eng 
245 1 0 |a Vývoj drsnosti povrchu pri tvrdom sústružení s rôznymi geometriami rezného klina nástroja 
260 |c 2017 
650 4 |a tvrdé sústruženie  |2 slo 
650 4 |a konvenčná geometria  |2 slo 
650 4 |a Wiper a Xcel geometria  |2 slo 
650 4 |a drsnosť povrchu  |2 slo 
650 4 |a hard turning  |2 eng 
650 4 |a conventional geometry  |2 eng 
650 4 |a Wiper and Xcel geometry  |2 eng 
650 4 |a surface roughness  |2 eng 
700 1 |a Samardžiová, Michaela  |u 063600  |k Z1  |4 ths  |U MTF Ústav výrobných technológií  |T MTF Katedra obrábania a tvárnenia  |X 37948  |U M3600  |Y 841  |7 37948 
856 4 |u http://is.stuba.sk/zp/portal_zp.pl?podrobnosti=115168 
996 |c M* BP-8132  |l MMSKP  |s P  |a 0  |w stuzp62602_0001